Geometry of design (Record no. 9477)

000 -LEADER
fixed length control field 00339nam a2200145 4500
003 - CONTROL NUMBER IDENTIFIER
control field OSt
005 - DATE AND TIME OF LATEST TRANSACTION
control field 20210624171232.0
008 - FIXED-LENGTH DATA ELEMENTS--GENERAL INFORMATION
fixed length control field 210624b ||||| |||| 00| 0 eng d
020 ## - INTERNATIONAL STANDARD BOOK NUMBER
International Standard Book Number 9781568982496
082 ## - DEWEY DECIMAL CLASSIFICATION NUMBER
Classification number 701.8
Item number ELA
100 ## - MAIN ENTRY--PERSONAL NAME
Personal name Elam kimberly
245 ## - TITLE STATEMENT
Title Geometry of design
260 ## - PUBLICATION, DISTRIBUTION, ETC. (IMPRINT)
Name of publisher, distributor, etc Princeton architectural press
942 ## - ADDED ENTRY ELEMENTS (KOHA)
Source of classification or shelving scheme
Holdings
Withdrawn status Lost status Source of classification or shelving scheme Damaged status Koha normalized classification for sorting Not for loan Permanent location Current location Date acquired Full call number Barcode Date last seen Price effective from Koha item type
        701_800000000000000_ELA   BMS College of Architecture, Design and Planning BMS College of Architecture, Design and Planning 2021-06-24 701.8 ELA AR-UG2218 2021-06-24 2021-06-24 UG Books
Copyright © 2025, The Librarian, Library and Information Centre, BMSCA D&P, Bengaluru. All Rights Reserved
web counter

Powered by Koha